000 00603cam a22002053a 4500
001 39903
003 PGUSA
005 20140828083905.0
008 120602s2012||||xxu|||||s|||||000 | eng d
040 _aPGUSA
_beng
042 _adc
100 1 _aDevereux, Blanche
245 1 0 _aStar of Mercia :
_bHistorical Tales of Wales and the Marches
_h[electronic resource] /
_cBlanche Devereux
260 _bProject Gutenberg,
_c2012
506 _aPublic domain in the USA.
516 _aElectronic text
830 0 _aProject Gutenberg
_v39903
856 4 0 _uhttp://www.gutenberg.org/ebooks/39903
942 _cEB
999 _c269156
_d269156